| 000 | 01109nam a2200289 a 4500 | ||
|---|---|---|---|
| 001 | 000047739 | ||
| 003 | DO-SdBNP | ||
| 005 | 20230206084704.0 | ||
| 007 | ta | ||
| 008 | 180730s2004 dr 000 0 spa d | ||
| 040 |
_aDO-SdBNP _bspa _cBNPHU |
||
| 082 | 4 |
_a370.11 _222 |
|
| 100 | 1 |
_aCendales G., Lola _975338 |
|
| 245 | 1 | 0 |
_aRecorrido de un gran aprendizaje : _bsistematización de la capacitación y experiencia de los alfabetizadores / _cLola Cendales G., Jorge Posada, Miriam Camilo. |
| 260 |
_aSanto Domingo : _bPlan Nacional de Alfabetización, _c[s.f.]. |
||
| 300 |
_a121 p. ; _c32 cm. |
||
| 590 | _aInventariado, 2023/BT | ||
| 650 | 4 |
_aPsicopedagogía _vProgramas _975339 |
|
| 650 | 4 |
_aPsicología del aprendizaje _vProgramas _975340 |
|
| 650 | 4 |
_aCapacitación docente _vProgramas _975341 |
|
| 650 | 4 |
_aFormación profesional de maestros _vPROGRAMAS _975342 |
|
| 700 | 1 |
_aCendales G., Lola _975338 |
|
| 700 | 1 |
_aPosada, Jorge _975343 |
|
| 700 | 1 |
_aCamilo, Miriam _975344 |
|
| 710 | 2 |
_aQuisqueya Aprende Contigo _bPlan Nacional de Alfabetización (República Dominicana) _975345 |
|
| 942 |
_2ddc _cLBS1 |
||
| 999 |
_c47227 _d47227 |
||